| 000 | 004560000a22001690004500 | ||
|---|---|---|---|
| 003 | MACL | ||
| 005 | 20151229155809.0 | ||
| 008 | 151229b xxu||||| |||| 00| 0 eng d | ||
| 040 |
_aMACL _cMACL |
||
| 041 | _aEnglish | ||
| 082 | _a270/TOR | ||
| 100 |
_aNeander, Dr Augustus _924176 |
||
| 245 |
_aGeneral History of the Chritian Religion and Church _bvol 7 |
||
| 260 |
_bGeorge Bell and Sons _c1885 |
||
| 650 |
_aReligion _924177 |
||
| 942 |
_cBK _k270/NEA _2ddc |
||
| 999 |
_c37554 _d37554 |
||